00557nam a22001577a 450000500170000001000150001702000260003203500140005803700130007208200080008510000270009324501230012026000440024327000920028730000200037920220302104941.0 aENG-131831 a9789389080070c120.00 aEN-115363 bDBAD/PUB a881 aVirumbi's, Muththamizh aSpeaking with You:bWith The touch of classics Tamil Literature/cMuththamizh Virumbi's and Translated by C. Rajeswari aChennaibOlivannan Gopalakrishnanc2019 a15 A, First Floor, Casa Major Road, EgmorebChennaie600008minfo@emeraldpublishers.com a81p.c18cm(pbk)